Sistema general de pensiones colombiano : (Registro nro. 31117)

Detalles MARC
000 -LEADER
fixed length control field 02085nam a22003017a 4500
003 - CONTROL NUMBER IDENTIFIER
control field OSt
005 - DATE AND TIME OF LATEST TRANSACTION
control field 20251229154849.0
008 - FIXED-LENGTH DATA ELEMENTS--GENERAL INFORMATION
fixed length control field 251121b |||||||| |||| 00| 0 eng d
020 ## - INTERNATIONAL STANDARD BOOK NUMBER
International Standard Book Number 9789587672870
037 ## - SOURCE OF ACQUISITION
Source of stock number/acquisition Donación
040 ## - CATALOGING SOURCE
Original cataloging agency CO-JMCR
Language of cataloging spa
Transcribing agency CO-JMCR
Modifying agency CO-JMCR
Description conventions rda
041 0# - LANGUAGE CODE
Language code of text/sound track or separate title Spa
082 04 - DEWEY DECIMAL CLASSIFICATION NUMBER
Classification number 344.86102
Item number H43s
100 1# - MAIN ENTRY--PERSONAL NAME
Personal name Hernández Bayona, Carlos Eduardo,
9 (RLIN) 158762
Relator term autor
245 10 - TITLE STATEMENT
Title Sistema general de pensiones colombiano :
Remainder of title Visión integral a partir de la afiliación /
Statement of responsibility, etc. Carlos Eduardo Hernández Bayona
250 ## - EDITION STATEMENT
Edition statement Edición / Tercera
264 ## - PRODUCTION, PUBLICATION, DISTRIBUTION, MANUFACTURE, AND COPYRIGHT NOTICE
Place of production, publication, distribution, manufacture Bogotá :
Name of producer, publisher, distributor, manufacturer Legis,
Date of production, publication, distribution, manufacture, or copyright notice 2022
300 ## - PHYSICAL DESCRIPTION
Extent 125 páginas :
Dimensions 24 cm.
500 ## - GENERAL NOTE
General note Incluye biografía
501 ## - WITH NOTE
With note Con : Introducción
504 ## - BIBLIOGRAPHY, ETC. NOTE
Bibliography, etc. note Incluye nota bibliográfica
505 2# - FORMATTED CONTENTS NOTE
Formatted contents note La afiliación al sistema general de pensiones -- Caracterización -- Elementos -- Efectos
520 3# - SUMMARY, ETC.
Summary, etc. Partiendo de la relación que se establece entre afiliados y administradoras de pensiones, este libro desarrolla los aspectos más importantes del Sistema General de Pensiones y, con rigor jurídico y un lenguaje claro y sencillo, permite a los lectores comprender una estructura legal caracterizada por su prolijidad, dispersión y complejidad, a través de un estudio esquemático y una ordenación metodológica que brinda una visión integral del referido sistema. Mediante análisis que van acompañados de referencias normativas actualizadas, se explican de manera simplificada y didáctica aspectos de interés general que parten del primer contacto que se tiene con el sistema (la afiliación), sus requisitos, efectos y características; la estructura (quiénes intervienen y qué papel cumplen, qué obligaciones surgen para las partes, cuáles son los derechos de los afiliados, qué prestaciones ofrece y cómo se accede a ellas, entre otros).
650 #7 - SUBJECT ADDED ENTRY--TOPICAL TERM
Topical term or geographic name entry element Seguridad social
General subdivision Legislación
Geographic subdivision Colombia
9 (RLIN) 24116
Source of heading or term JMCR
650 #7 - SUBJECT ADDED ENTRY--TOPICAL TERM
Topical term or geographic name entry element Sistema general de seguridad social en salud
Geographic subdivision Colombia
9 (RLIN) 32404
Source of heading or term JMCR
650 #7 - SUBJECT ADDED ENTRY--TOPICAL TERM
Topical term or geographic name entry element Pensiones a la vejez
General subdivision Legislación
Geographic subdivision Colombia
9 (RLIN) 175979
Source of heading or term JMCR
942 ## - ADDED ENTRY ELEMENTS (KOHA)
Source of classification or shelving scheme Dewey Decimal Classification
Koha item type Books
Existencias
Withdrawn status Lost status Source of classification or shelving scheme Damaged status Not for loan Collection code Home library Current library Shelving location Date acquired Source of acquisition Total Checkouts Full call number Barcode Date last seen Copy number Price effective from Koha item type
    Dewey Decimal Classification     Non-fiction Biblioteca Pública José María del Castillo y Rada Biblioteca Pública José María del Castillo y Rada Book Cart 11/01/2024 donación   344.86102 H43s 201811987 11/21/2025 Ej. 1 11/21/2025 Books